Analytical Study and Design of Pile Foudation for Bridge no 4 Near Kohat Tunnel Project (Record no. 551024)
[ view plain ]
| 000 -LEADER | |
|---|---|
| fixed length control field | 00387nam a22001337a 4500 |
| 082 ## - DEWEY DECIMAL CLASSIFICATION NUMBER | |
| Classification number | P-239 |
| 100 ## - MAIN ENTRY--PERSONAL NAME | |
| Personal name | Tariq Farooq |
| 9 (RLIN) | 47952 |
| 245 ## - TITLE STATEMENT | |
| Title | Analytical Study and Design of Pile Foudation for Bridge no 4 Near Kohat Tunnel Project |
| Statement of responsibility, etc. | Nayyer |
| 260 ## - PUBLICATION, DISTRIBUTION, ETC. | |
| Place of publication, distribution, etc. | MCE Risalpur |
| Date of publication, distribution, etc. | 23-04-2003 |
| 526 ## - STUDY PROGRAM INFORMATION NOTE | |
| Program name | 0 |
| Interest level | 0 |
| Reading level | 0 |
| Title point value | P_239 |
| 650 ## - SUBJECT ADDED ENTRY--TOPICAL TERM | |
| Topical term or geographic name entry element | Project |
| 700 ## - ADDED ENTRY--PERSONAL NAME | |
| Personal name | Dr Noor Ul Ameen |
| 9 (RLIN) | 47953 |
| 942 ## - ADDED ENTRY ELEMENTS (KOHA) | |
| Source of classification or shelving scheme | |
| Koha item type | Book |
| Withdrawn status | Lost status | Source of classification or shelving scheme | Damaged status | Not for loan | Permanent Location | Current Location | Date acquired | Total Checkouts | Full call number | Barcode | Date last seen | Date last checked out | Price effective from | Koha item type | Public note |
|---|---|---|---|---|---|---|---|---|---|---|---|---|---|---|---|
| Military College of Engineering (MCE) | Military College of Engineering (MCE) | 12/01/2014 | 1 | P-239 | MCE-P-239 | 08/11/2017 | 07/03/2017 | 12/01/2014 | Book | Project |
